Cestovní ruch a konkurenceschopnost regionů 2008 sborník příspěvků z první mezinárodní konference

Gespeichert in:
Bibliographische Detailangaben
Körperschaft: Cestovní ruch a konkurenceschopnost regionů 2008. Mezinárodní konference
Weitere Verfasser: Klapalová, Alena, Bachanová, Veronika
Format: Buch
Sprache:Tschechisch
Slowakisch
Veröffentlicht: Brno Vysoká škola obchodní a hotelová 2008
Schlagworte:
Tags: Tag hinzufügen
Keine Tags, Fügen Sie das erste Tag hinzu!

MARC

LEADER 00000nlm$a2200000$$$4500
001 0092466
005 20220728100604.9
020 |a 978-80-254-2772-9 
041 0 |a cze 
041 0 |a slo 
044 |a CZ 
245 1 0 |a Cestovní ruch a konkurenceschopnost regionů 2008  |b sborník příspěvků z první mezinárodní konference  |c editor Alena Klapalová 
264 1 |a Brno  |b Vysoká škola obchodní a hotelová  |c 2008 
300 |a CD-ROM 
610 2 0 |a ruch cestovný 
610 2 0 |a regióny 
610 2 0 |a konkurencieschopnosť 
610 2 0 |a kancelárie cestovné 
610 2 0 |a Česko 
610 2 0 |a Slovensko 
700 1 |a Klapalová, Alena 
700 1 |a Bachanová, Veronika 
110 2 |a Cestovní ruch a konkurenceschopnost regionů 2008. Mezinárodní konference